| 000 | 00451cam a22001337a 4500 | ||
|---|---|---|---|
| 008 | 180718b1970 xxu||||| |||| 00| 0 eng d | ||
| 082 | _aT19 L527 | ||
| 245 |
_aThe first U.N. development decade and its lessons for the 1970's _cedited by Colin Legum |
||
| 260 |
_aNew York _bPraeger _c1970 |
||
| 300 | _axxviii,312p. | ||
| 650 | _aEconomic assistance --Congresses | ||
| 650 | _aUnited Nations --Economic assistance --Congresses | ||
| 700 | _aLegum, Colin | ||
| 999 |
_c435548 _d435548 |
||